| 000 | 00763nam a2200205 a 4500 | ||
|---|---|---|---|
| 001 | 000998314 | ||
| 003 | AM-YeHGA | ||
| 005 | 20250617150419.0 | ||
| 008 | 140115s1974 ru r 000 0 rus d | ||
| 040 | _aAM-YeHGA | ||
| 041 | 0 | _arus | |
| 245 | 0 | 0 |
_aОборудование для контактной сварки рельсов и его эксплуатация / _cАН УССР; Под ред. С.И. Кучука-Яценко. |
| 260 |
_aКиев : _bНаукова думка, _c1974. |
||
| 300 | _a180 с. | ||
| 440 | 0 | _aНаука. Технический прогресс | |
| 504 | _aБиблиогр.: с. 179-180 | ||
| 653 | 0 | _aКонтактная сварка | |
| 700 | 1 |
_aКучук-Яценко, С. И. _eред. _4edt |
|
| 090 | _c332238 | ||
| 999 |
_c330478 _d330478 |
||